Introduction to speciality polymers (Record no. 38943)

MARC details
000 -LEADER
fixed length control field 00301nam a2200121Ia 4500
082 ## - DEWEY DECIMAL CLASSIFICATION NUMBER
Classification number 678
Item number ISE
245 #0 - TITLE STATEMENT
Title Introduction to speciality polymers
260 ## - PUBLICATION, DISTRIBUTION, ETC. (IMPRINT)
Place of publication Cambridge
Name of publisher Cambridge
Year of publication 1980
700 ## - ADDED ENTRY--PERSONAL NAME
Personal name Ise Norio
700 ## - ADDED ENTRY--PERSONAL NAME
Personal name Tabush Iwao
942 ## - ADDED ENTRY ELEMENTS (KOHA)
Koha item type Books
Holdings
Withdrawn status Lost status Damaged status Not for loan Home library Current library Date acquired Cost, normal purchase price Full call number Accession Number Koha item type
        RRII Library RRII Library 16/12/2021 22.50 678 ISE 19293 Books